000 00442pab a2200169 454500
008 180718b2013-2014 xxu||||| |||| 00| 0 eng d
100 _aVelassery, Sebastian
245 _aFaith, ethnicity and nationalism: St. Thomas Christians in India
260 _c2013-2014
300 _ap.15-33.
362 _aWinter-Spring
650 _aNationalism
650 _aEthnic groups
773 _aICC Quarterly
908 _aN
909 _a104337
999 _c104333
_d104333